000 nam a22 a 4500
999 _c432878
_d432878
003 BLK
005 20210929100023.0
008 210929b bu |||||r|||| 00| 0 bu d
020 _a9786190013808
040 _aBLK
041 _aBUL
_cBUL
080 _aБългарска литература
_b821.163.2
_x-94
_z821.163.2-94
100 _9303526
_aГочева, Марина Златева
_eпърви автор
139 _aГочева, Марина Златева
_bГ 72
245 _aПътища, посоки, мостове
_cМарина Златева Гочева
260 _9209950
_aВ. Търново
_bФабер
_c2021
300 _a100 с.
_c20 см
380 _aX
942 _cKNG
_n0
_s1
944 _aCR
_c2021-09-29
_kМикаела Микова-Илиева
_l2021-09-29
999 _d432878